Normal view MARC view
  • Sea-power

Entry Topical Term

Number of records used in: 12

001 - CONTROL NUMBER

  • control field: 49341

003 - CONTROL NUMBER IDENTIFIER

  • control field: NUST

005 - DATE AND TIME OF LATEST TRANSACTION

  • control field: 20210314134315.0

008 - FIXED-LENGTH DATA ELEMENTS

  • fixed length control field: 210314|| aca||aabn | a|a d

040 ## - CATALOGING SOURCE

  • Original cataloging agency: NUST
  • Transcribing agency: NUST

150 ## - HEADING--TOPICAL TERM

  • Topical term or geographic name entry element: Sea-power

670 ## - SOURCE DATA FOUND

  • Source citation: Work cat.: (NUST): Callwell, C. E. 49281, Military operations and maritime preponderance :, c1996.
© 2023 Central Library, National University of Sciences and Technology. All Rights Reserved.